| 000 | 006620000a22002410004500 | ||
|---|---|---|---|
| 003 | LK-CoMWRAF | ||
| 005 | 20230828162405.0 | ||
| 008 | 230817t1979 ||||| |||| 00| 0 eng d | ||
| 020 | _a0831501561 | ||
| 040 |
_aLK-CoMWRAF _dLK-CoMWRAF _eLK-CoMWRAF |
||
| 041 | _aeng | ||
| 082 |
_a297.2 _bABD |
||
| 100 | _aAbdul-Rauf, Muhammad | ||
| 245 | _aThe Islamic view of women and the family | ||
| 250 | _a2nd ed. | ||
| 260 |
_aNew York: _bRober Speller, _c1979 |
||
| 300 |
_a171 p. ; 24 cm. _bBibliography included |
||
| 650 | _aFAMILY-Religious life | ||
| 650 | _aWomen, Muslim | ||
| 650 | _aWomen in Islam | ||
| 650 | _aReligious life -Islam; | ||
| 942 | _cBK | ||
| 999 |
_c3147 _d3147 |
||